| 000 | 00655nam a2200205Ii 4500 | ||
|---|---|---|---|
| 001 | 9052 | ||
| 003 | CO-ViMGA | ||
| 008 | 241108s9999||||xx |||||||||||||| ||und|| | ||
| 040 |
_aCO-ViMGA _bspa _erda _cCO-ViMGA |
||
| 041 | 0 | _aunk | |
| 082 | 0 | 4 | _a344.019861-C718 |
| 110 | 1 |
_aColombia Ministro de Trabajo y seguridad social _957424 |
|
| 245 | 1 | 0 | _a<El> ABCde las relaciones obrero patronales |
| 264 | 1 | _a[Lugar de publicación no identificado] : El Ministerio, 1990 | |
| 300 | _avolumen | ||
| 336 |
_atext _btxt _2rdacontent |
||
| 337 |
_aunmediated _bn _2rdamedia |
||
| 338 |
_avolume _bnc _2rdacarrier |
||
| 940 | _aidficha_siabuc: 8851. -- ficha_no_siabuc:9052 | ||
| 999 |
_c56417 _d56417 |
||